000 00999nas a2200325 4500
001 BR2019001785
003 BR-BrBNA
005 20231205131956.0
007 ta
008 230509b bl.|||p| |||| 00| 00por d
040 _aBR-BrBNA
_bpor
_cBiblioteca Nacional de Agricultura
041 _a(Pt)
072 _aK10
100 1 _aGomes, R. dos S.S.
100 1 _aFarias, O.R.
100 1 _aDuarte, I.G.
100 1 _aSilva, R.T. da
100 1 _aCruz, J.M.F.L.
100 1 _aNascimento, L.C. do
245 1 _aQualidade de sementes de Bauhinia variegata tratadas com óleos essenciais
650 _aMORORÓ
650 _aSEMENTE FLORESTAL
650 _aGERMINAÇÃO
650 _aÓLEO ESSENCIAL
650 _aQUALIDADE
773 0 _tPesquisa Florestal Brasileira (Brazil)
_xISSN 1983-2605
_g(2019), v. 39 p. 1-5
_wBR2019001785
856 4 0 _uhttps://pfb.cnpf.embrapa.br/pfb/index.php/pfb/article/view/1647/829
909 _a202311
_bLúcia
_c55
_dLúcia Elande
942 _2AGRIS
_n0
_cANA
999 _c257772
_d257772